000 01137nam0a22002891 4500
001 rc\2324718
005 20250623045946.0
035 _a(NLR Aleph) 006580496
090 _a7040461
_c7040461
100 _a20110829d1977 |||y0rusy50 ca
101 0 _arus
102 _aRU
105 _aa z |||||
200 1 _aМеханизмы регуляции развития бактериальных популяций
_e[Сборник статей]
_f[Отв. ред. С.С. Шварц, В.П. Коробов]
210 _aСвердловск
_cБ. и.
_d1977
215 _a110 с.
_cил.
_d21
225 1 _aАН СССР. Уральск. науч. центр. Труды Института экологии растений и животных
_vВып. 104
320 _aБиблиогр. в конце статей
702 1 _aШварц
_bС.С.
_f1919-1976
_gСтанислав Семенович
_4340
702 1 _aКоробов
_bВ.П.
_4340
801 0 _aRU
_bNLR
_gpsbo
801 1 _aRU
_bELAR
_2rusmarc
852 _aNLR
_jП7/411
899 _aRuMoRGB
_jXXIV 204/43
899 _aRuMoRGB
_jXXIV 204/44
942 _cBOOK
980 _aNB